000 00433nam a22001817a 4500
005 20240313104500.0
008 200518b xxu||||| |||| 00| 0 eng d
020 _a97981897477663
041 _aeng
082 _a615 BHA
100 _aBhaskaran DR. Shyamala
_95482
245 _aIndustrial Pharmacy
250 _a5'th
260 _aDelhi
_bBirla Publication
_c2019
300 _a296
650 _aPharmacy
_xD.PHARMA
942 _cBK
999 _c6258
_d6256